[Event "16. Torneo San Viator"]
[Site "Madrid ESP"]
[Date "2016.04.03"]
[Round "1.27"]
[White "Lozano Freras, Sergio"]
[Black "De Juan Rivas, Antonio"]
[Result "1-0"]
[WhiteElo "1925"]
[BlackElo "1667"]
[PlyCount "75"]
[EventDate "2016.04.03"]
[EventType "swiss"]
[EventRounds "9"]
[EventCountry "ESP"]
[Source "lmi"]
[SourceDate "2016.04.03"]

1. Nf3 f5 2. d3 Nf6 3. Bg5 d6 4. Bxf6 gxf6 5. e4 fxe4 6. Nd4 h5 7. Be2 e5 8.
Bxh5+ Ke7 9. Nb3 exd3 10. cxd3 Nc6 11. Nc3 Be6 12. Bf3 Bh6 13. Nd5+ Bxd5 14.
Bxd5 Qd7 15. O-O Bf4 16. g3 Qh3 17. Re1 Qxh2+ 18. Kf1 Bg5 19. Qg4 Qh3+ 20. Qxh3
Rxh3 21. f4 Bh6 22. Kg2 Rh5 23. Bf3 Rf5 24. Bg4 Ke6 25. d4 Ne7 26. dxe5 fxe5
27. Nd4+ Kf6 28. Nxf5 Nxf5 29. fxe5+ Kg5 30. Bxf5 Kxf5 31. exd6 cxd6 32. Rad1
Rd8 33. Re7 b6 34. Rxa7 Be3 35. Re7 Bc5 36. Rd5+ Kf6 37. Re4 Rd7 38. b4 1-0

[Event "16. Torneo San Viator"]
[Site "Madrid ESP"]
[Date "2016.04.03"]
[Round "1.28"]
[White "Ramirez De La Piscina G, Juan"]
[Black "Del Noval Nemeshazi, Nesztor"]
[Result "0-1"]
[WhiteElo "1656"]
[BlackElo "1920"]
[PlyCount "96"]
[EventDate "2016.04.03"]
[EventType "swiss"]
[EventRounds "9"]
[EventCountry "ESP"]
[Source "lmi"]
[SourceDate "2016.04.03"]

1. e4 c5 2. Nc3 d6 3. g3 g6 4. Bg2 Bg7 5. d3 Nc6 6. Nge2 e6 7. O-O Nge7 8. f4
O-O 9. Be3 Nd4 10. Qd2 Rb8 11. Rab1 b5 12. Bxd4 cxd4 13. Nd1 Bb7 14. c3 dxc3
15. bxc3 Qa5 16. d4 Rfc8 17. Ne3 f5 18. e5 Bxg2 19. Kxg2 d5 20. Qb2 Nc6 21. Nc2
Bf8 22. a3 Qb6 23. Ne3 Na5 24. h3 Nc4 25. Nxc4 Rxc4 26. Ra1 Ra4 27. Rfb1 Qa5
28. Qb3 Rb7 29. Ra2 Rxa3 30. Rxa3 Qxa3 31. Qxa3 Bxa3 32. Rb3 b4 33. Kf3 a5 34.
Rb1 b3 35. Ke3 a4 36. Kd3 Be7 37. Nc1 a3 38. Nxb3 a2 39. Ra1 Rxb3 40. Rxa2 Rb1
41. c4 Rg1 42. c5 Rxg3+ 43. Kc2 Rg2+ 44. Kb3 Rxa2 45. Kxa2 Kf7 46. Kb3 Ke8 47.
Kb4 Kd7 48. Kb5 Kc7 0-1

[Event "16. Torneo San Viator"]
[Site "Madrid ESP"]
[Date "2016.04.03"]
[Round "1.29"]
[White "Gonzalez-Ruano Perez, Cesar"]
[Black "Lopez Ziegler, Juan Jose"]
[Result "1-0"]
[WhiteElo "1918"]
[BlackElo "1609"]
[PlyCount "111"]
[EventDate "2016.04.03"]
[EventType "swiss"]
[EventRounds "9"]
[EventCountry "ESP"]
[Source "lmi"]
[SourceDate "2016.04.03"]

1. e4 e6 2. d3 d6 3. Nd2 Nd7 4. g3 e5 5. Bg2 Ngf6 6. Ngf3 Be7 7. O-O O-O 8. c3
Re8 9. Qc2 c6 10. d4 Qc7 11. Re1 Bf8 12. Nf1 g6 13. b4 a6 14. a4 b5 15. a5 Bb7
16. Bg5 Nh5 17. Rad1 f6 18. Bc1 Ng7 19. dxe5 Nxe5 20. Nxe5 dxe5 21. Qb3+ Kh8
22. Ne3 Rad8 23. Ng4 Nh5 24. h4 c5 25. Be3 c4 26. Qc2 Rxd1 27. Rxd1 Qc8 28. Bh3
Qc6 29. Bg2 Qc8 30. Nh6 Bxh6 31. Bxh6 Rd8 32. Kh2 Kg8 33. Be3 Bc6 34. Bh3 Qa8
35. Be6+ Kg7 36. f3 h6 37. Bb6 Rxd1 38. Qxd1 Qb8 39. Kg2 Kh7 40. Bd7 Bb7 41.
Bg4 Bc6 42. Qd2 Ng7 43. Qd8 Qxd8 44. Bxd8 f5 45. exf5 gxf5 46. Bh3 Kg6 47. Kf2
Ne6 48. Be7 Bb7 49. h5+ Kf7 50. Bd6 Kf6 51. Ke3 Ng5 52. Bg2 Nf7 53. Bc7 Kg5 54.
f4+ exf4+ 55. Bxf4+ Kxh5 56. Bxb7 1-0

[Event "16. Torneo San Viator"]
[Site "Madrid ESP"]
[Date "2016.04.03"]
[Round "1.30"]
[White "Rendo Quindos, Pedro"]
[Black "Gueler Berdasco, Martin"]
[Result "0-1"]
[WhiteElo "1572"]
[BlackElo "1904"]
[PlyCount "86"]
[EventDate "2016.04.03"]
[EventType "swiss"]
[EventRounds "9"]
[EventCountry "ESP"]
[Source "lmi"]
[SourceDate "2016.04.03"]

1. e4 c5 2. Nf3 d6 3. d4 cxd4 4. Nxd4 Nf6 5. f3 e5 6. Nb3 d5 7. exd5 Qxd5 8.
Qxd5 Nxd5 9. Bd2 Bf5 10. c4 Nb4 11. Bxb4 Bxb4+ 12. Nc3 Nd7 13. Be2 Rc8 14. O-O
Bxc3 15. bxc3 Be6 16. Nd2 O-O 17. Rab1 Nb6 18. Rfd1 Rfd8 19. Kf2 Na4 20. Ne4 b6
21. Rxd8+ Rxd8 22. Rb4 Bd7 23. g4 a5 24. Rb1 f5 25. gxf5 Bxf5 26. Bd1 Bxe4 27.
fxe4 Nxc3 28. Rxb6 Rxd1 29. Ke3 Rd4 30. c5 Na4 31. Rb8+ Kf7 32. c6 Rc4 33. Rb7+
Ke6 34. c7 Kd7 35. c8=Q+ Kxc8 36. Rxg7 Rc3+ 37. Kd2 Rh3 38. Kc2 Rxh2+ 39. Kb3
Nc5+ 40. Kc4 Nd7 41. a4 Rb2 42. Rxh7 Rb4+ 43. Kd5 Nf6+ 0-1

[Event "16. Torneo San Viator"]
[Site "Madrid ESP"]
[Date "2016.04.03"]
[Round "1.31"]
[White "Marin Aso, Jose Luis"]
[Black "Juzgado Niella, Angel Luis"]
[Result "1-0"]
[WhiteElo "1881"]
[BlackElo "1566"]
[PlyCount "73"]
[EventDate "2016.04.03"]
[EventType "swiss"]
[EventRounds "9"]
[EventCountry "ESP"]
[Source "lmi"]
[SourceDate "2016.04.03"]

1. e4 e5 2. Nf3 Nc6 3. d4 exd4 4. Nxd4 Bc5 5. Nb3 Bb6 6. Qe2 d6 7. Be3 Be6 8.
Nc3 Bxe3 9. Qxe3 a5 10. Bb5 Nge7 11. Nd4 Bd7 12. O-O-O O-O 13. f4 Qb8 14. Nf3
Be8 15. Rhe1 Na7 16. Bd3 b5 17. Nd5 Nac6 18. f5 Nxd5 19. exd5 Nb4 20. f6 Nxd3+
21. Rxd3 Qd8 22. fxg7 Kxg7 23. Rd4 Bd7 24. Rf4 Re8 25. Qc3+ f6 26. Rf1 Rf8 27.
Ng5 Kg6 28. Qd3+ f5 29. Ne6 Bxe6 30. dxe6 Qg5 31. g4 Rae8 32. h4 Qh6 33. g5 Qh5
34. Rxf5 Rxf5 35. Qxf5+ Kg7 36. Qf6+ Kg8 37. Qf7+ 1-0

[Event "16. Torneo San Viator"]
[Site "Madrid ESP"]
[Date "2016.04.03"]
[Round "1.32"]
[White "Mosteiro Montoro, Alvaro"]
[Black "Sotoca Aguado, Jose"]
[Result "0-1"]
[WhiteElo "1533"]
[BlackElo "1873"]
[PlyCount "98"]
[EventDate "2016.04.03"]
[EventType "swiss"]
[EventRounds "9"]
[EventCountry "ESP"]
[Source "lmi"]
[SourceDate "2016.04.03"]

1. d4 Nf6 2. Nf3 e6 3. c4 Bb4+ 4. Bd2 Bxd2+ 5. Qxd2 b6 6. Nc3 Bb7 7. Qd3 d5 8.
cxd5 exd5 9. b4 O-O 10. e3 Qe7 11. Qb1 c5 12. bxc5 bxc5 13. Bd3 c4 14. Bc2 Nc6
15. O-O Rab8 16. a3 Ba8 17. Qa2 Qd6 18. Rfb1 g6 19. Rb5 a6 20. Rxb8 Rxb8 21.
Rb1 Na5 22. Nd2 Kg7 23. h3 Bc6 24. Rxb8 Qxb8 25. Qb1 Qd6 26. Qb2 Bd7 27. Ba4
Bxa4 28. Nxa4 Qc6 29. Qb4 Nb7 30. Nc3 Nd6 31. f3 Nf5 32. Kf2 h5 33. Qb8 Nd7 34.
Qb4 Qe6 35. Nf1 g5 36. g4 hxg4 37. hxg4 Nh4 38. Ng3 Kh6 39. Qb1 Nf6 40. Ke2
Nxg4 41. e4 Nf6 42. e5 g4 43. Qc1+ Kg6 44. f4 Nf5 45. Nxf5 Kxf5 46. Ke3 Ne4 47.
Qc2 Qh6 48. Nxd5 Qh3+ 49. Ke2 Qg2+ 0-1

[Event "16. Torneo San Viator"]
[Site "Madrid ESP"]
[Date "2016.04.03"]
[Round "1.33"]
[White "Romero Alfonso, Carlos"]
[Black "Gonzalez Hilla, Antonio"]
[Result "1-0"]
[WhiteElo "1870"]
[BlackElo "1484"]
[PlyCount "43"]
[EventDate "2016.04.03"]
[EventType "swiss"]
[EventRounds "9"]
[EventCountry "ESP"]
[Source "lmi"]
[SourceDate "2016.04.03"]

1. e4 c5 2. Nc3 g6 3. f4 Bg7 4. Nf3 d6 5. Bc4 Bg4 6. Bxf7+ Kf8 7. Bd5 Nc6 8.
Bxc6 bxc6 9. O-O Nf6 10. h3 Be6 11. d3 Qb6 12. Na4 Qa5 13. c4 Rb8 14. b3 Nxe4
15. dxe4 Bxa1 16. Bd2 Qc7 17. Qxa1 Rg8 18. Ng5 Bd7 19. Nxh7+ Ke8 20. Ng5 Rf8
21. Qg7 e6 22. Nxe6 1-0

[Event "16. Torneo San Viator"]
[Site "Madrid ESP"]
[Date "2016.04.03"]
[Round "1.34"]
[White "Blasco Gallardo, Francisco"]
[Black "Garcia Sanjuan, Jose"]
[Result "0-1"]
[WhiteElo "1421"]
[BlackElo "1864"]
[PlyCount "80"]
[EventDate "2016.04.03"]
[EventType "swiss"]
[EventRounds "9"]
[EventCountry "ESP"]
[Source "lmi"]
[SourceDate "2016.04.03"]

1. d4 Nf6 2. Bf4 b6 3. Nf3 Bb7 4. e3 e6 5. Nbd2 h6 6. c3 g5 7. Bg3 d6 8. h3
Nbd7 9. Bb5 a6 10. Ba4 b5 11. Bb3 Nh5 12. Bh2 Ndf6 13. Qc2 Ng7 14. c4 Rc8 15.
a3 c6 16. Rc1 a5 17. c5 Ba6 18. a4 bxa4 19. Bxa4 dxc5 20. Ne5 Bb5 21. Ndf3 Nd5
22. Nxf7 Kxf7 23. Ne5+ Kg8 24. Bxb5 cxb5 25. O-O c4 26. Ng6 Rh7 27. Qe4 Bd6 28.
Ne5 Qe8 29. f4 Nf6 30. Qc2 Bxe5 31. dxe5 Nd5 32. Qe4 gxf4 33. exf4 Nf5 34. Rf3
Rg7 35. Kh1 h5 36. Rg1 c3 37. bxc3 Rxc3 38. Rxc3 Nxc3 39. Qf3 b4 40. g4 Nh4 0-1

[Event "16. Torneo San Viator"]
[Site "Madrid ESP"]
[Date "2016.04.03"]
[Round "1.35"]
[White "Yeves Miquel, Enrique"]
[Black "Vicente Valentin, David"]
[Result "1-0"]
[WhiteElo "1864"]
[BlackElo "1399"]
[PlyCount "63"]
[EventDate "2016.04.03"]
[EventType "swiss"]
[EventRounds "9"]
[EventCountry "ESP"]
[Source "lmi"]
[SourceDate "2016.04.03"]

1. d4 Nf6 2. c4 g6 3. Nc3 d5 4. Bf4 Bg7 5. e3 O-O 6. Rc1 a6 7. h3 c6 8. Bd3
Nbd7 9. Nf3 Re8 10. O-O Nf8 11. Qb3 Ne6 12. Be5 Nc7 13. Bxc7 Qxc7 14. cxd5 Qa5
15. dxc6 bxc6 16. Ne5 Be6 17. Nxc6 Qg5 18. Qd1 Bxh3 19. Qf3 Bg4 20. Qg3 Nh5 21.
Qh2 e5 22. Nxe5 Bxe5 23. dxe5 Bf3 24. Be4 Bg4 25. Bxa8 Rxa8 26. Ne4 Qf5 27. f3
Kg7 28. fxg4 Qxg4 29. Nf6 Qe2 30. Nxh5+ gxh5 31. Qf4 Rf8 32. e6 1-0

[Event "16. Torneo San Viator"]
[Site "Madrid ESP"]
[Date "2016.04.10"]
[Round "2.1"]
[White "Jordana Vargas, Julio"]
[Black "Martinez Reyes, Pedro Ramon"]
[Result "0-1"]
[WhiteElo "1973"]
[BlackElo "2304"]
[PlyCount "98"]
[EventDate "2016.04.03"]
[EventType "swiss"]
[EventRounds "9"]
[EventCountry "ESP"]
[Source "lmi"]
[SourceDate "2016.04.03"]

1. d4 d5 2. Nf3 Nc6 3. e3 Bg4 4. Bb5 e6 5. Nbd2 Qd6 6. c4 Bxf3 7. Nxf3 dxc4 8.
O-O Qb4 9. Bxc6+ bxc6 10. Ne5 Nf6 11. Qf3 Qd6 12. Nxc4 Qd5 13. Qe2 Be7 14. b3
a5 15. Bb2 O-O 16. Rfc1 a4 17. Nd2 Bb4 18. e4 Qb5 19. Nc4 Nd7 20. a3 Be7 21. b4
Bg5 22. Rc2 Rfe8 23. g3 Rec8 24. f4 Be7 25. Rac1 Bf8 26. Qd2 Rd8 27. Na5 c5 28.
dxc5 Nxc5 29. Qe3 Nd3 30. Nc6 Nxc1 31. Nxd8 Rxd8 32. Rxc1 c5 33. Bc3 cxb4 34.
axb4 Bxb4 35. Rb1 Qc5 36. Qxc5 Bxc5+ 37. Kf1 Rc8 38. Ba1 f6 39. Ke2 Rc7 40. Kd3
Kf7 41. h3 Bd6 42. Rb6 Bc5 43. Ra6 Ra7 44. Rxa7+ Bxa7 45. Kc4 Bf2 46. g4 Bg3
47. f5 exf5 48. exf5 Be5 49. Bc3 a3 0-1

[Event "16. Torneo San Viator"]
[Site "Madrid ESP"]
[Date "2016.04.10"]
[Round "2.2"]
[White "Suarez Uriel, Adrian"]
[Black "Luque Ibanez, Manuel"]
[Result "1-0"]
[WhiteElo "2294"]
[BlackElo "1961"]
[PlyCount "78"]
[EventDate "2016.04.03"]
[EventType "swiss"]
[EventRounds "9"]
[EventCountry "ESP"]
[Source "lmi"]
[SourceDate "2016.04.03"]

1. e4 c5 2. Nf3 d6 3. d4 cxd4 4. Nxd4 Nf6 5. Nc3 a6 6. h3 e5 7. Nde2 Be7 8. g4
h6 9. Bg2 b5 10. O-O Bb7 11. a3 Nbd7 12. Ng3 g6 13. Qe2 Rc8 14. Be3 Rc4 15. a4
Qc8 16. axb5 axb5 17. Nxb5 Rxc2 18. Qd3 O-O 19. Bxh6 Re8 20. b4 Qc4 21. Rfd1 d5
22. exd5 Bxb4 23. Qxc4 Rxc4 24. Ra7 Rb8 25. Be3 Rc2 26. Ra4 Bc5 27. Bxc5 Rxc5
28. Nd6 Bxd5 29. g5 Bb3 30. Raa1 Bxd1 31. Rxd1 Nh7 32. Nxf7 Nb6 33. Nh6+ Kg7
34. h4 Nf8 35. Rd6 Rd5 36. Rc6 Rd4 37. Rc7+ Rd7 38. Rc6 Ne6 39. Rc1 Rd5 1-0

[Event "16. Torneo San Viator"]
[Site "Madrid ESP"]
[Date "2016.04.10"]
[Round "2.4"]
[White "Montes Gutierrez, Ignacio"]
[Black "Gonzalez-Ruano Perez, Cesar"]
[Result "1-0"]
[WhiteElo "2272"]
[BlackElo "1918"]
[PlyCount "81"]
[EventDate "2016.04.03"]
[EventType "swiss"]
[EventRounds "9"]
[EventCountry "ESP"]
[Source "lmi"]
[SourceDate "2016.04.03"]

1. d4 f5 2. e4 fxe4 3. Nc3 Nf6 4. Bg5 e6 5. Nxe4 Be7 6. Bxf6 Bxf6 7. Nf3 O-O 8.
Bd3 Nc6 9. c3 d5 10. Nxf6+ Qxf6 11. Qe2 Bd7 12. Bb5 a6 13. Bxc6 Bxc6 14. Qe5
Qg6 15. O-O-O Rf5 16. Qxc7 e5 17. Rhf1 Raf8 18. Nxe5 Qh6+ 19. Kb1 Bb5 20. g4
Rf4 21. Qxb7 Qe6 22. f3 Bxf1 23. Rxf1 h5 24. gxh5 Rxf3 25. Rxf3 Rxf3 26. Nxf3
Qe4+ 27. Kc1 Qxf3 28. Qb8+ Kh7 29. Qe5 a5 30. a4 Qf1+ 31. Kc2 Qg2+ 32. Kb3 Qf3
33. Ka3 Qh1 34. Ka2 Qd1 35. Qe8 Qh1 36. Qg6+ Kh8 37. h6 gxh6 38. Qxh6+ Kg8 39.
Qd6 Qe4 40. Qd8+ Kf7 41. Qxa5 1-0

[Event "16. Torneo San Viator"]
[Site "Madrid ESP"]
[Date "2016.04.10"]
[Round "2.5"]
[White "Recuenco Andres, Javier"]
[Black "Renteria, Jorge"]
[Result "0-1"]
[WhiteElo "1944"]
[BlackElo "2258"]
[PlyCount "72"]
[EventDate "2016.04.03"]
[EventType "swiss"]
[EventRounds "9"]
[EventCountry "ESP"]
[Source "lmi"]
[SourceDate "2016.04.03"]

1. d4 Nf6 2. c4 e6 3. Nc3 Bb4 4. a3 Bxc3+ 5. bxc3 O-O 6. Bg5 h6 7. Bh4 d6 8. f3
Nbd7 9. e4 Re8 10. Bd3 e5 11. Ne2 Nf8 12. O-O Ng6 13. Bf2 Nh5 14. Qd2 Nhf4 15.
Kh1 Nxd3 16. Qxd3 b6 17. Be3 Ba6 18. d5 Rc8 19. Rab1 c6 20. Rb4 cxd5 21. exd5
Qc7 22. Rc1 Bxc4 23. Qd2 f5 24. Ng1 f4 25. Bf2 Ne7 26. Nh3 Nxd5 27. Rb2 Ne7 28.
Nxf4 exf4 29. Qxf4 Ng6 30. Qg3 Ne5 31. Re1 Nd3 32. Rxe8+ Rxe8 33. Rd2 Nxf2+ 34.
Qxf2 Qc5 35. Rd4 d5 36. Qg3 Qxa3 0-1

[Event "16. Torneo San Viator"]
[Site "Madrid ESP"]
[Date "2016.04.10"]
[Round "2.6"]
[White "Fernandez Lledo, Javier"]
[Black "Marin Aso, Jose Luis"]
[Result "1-0"]
[WhiteElo "2248"]
[BlackElo "1881"]
[PlyCount "45"]
[EventDate "2016.04.03"]
[EventType "swiss"]
[EventRounds "9"]
[EventCountry "ESP"]
[Source "lmi"]
[SourceDate "2016.04.03"]

1. e4 c5 2. Nf3 e6 3. d4 cxd4 4. Nxd4 Nc6 5. Nc3 a6 6. Be3 Qc7 7. Bd3 Nxd4 8.
Bxd4 Ne7 9. O-O Nc6 10. Be3 b5 11. f4 Be7 12. Qh5 Bb7 13. a4 b4 14. Ne2 g6 15.
Qh3 Bf6 16. e5 Be7 17. Ng3 d5 18. exd6 Qxd6 19. Rad1 Qc7 20. Ne4 Rd8 21. Qh6 f5
22. Qg7 Rf8 23. Ng5 1-0

[Event "16. Torneo San Viator"]
[Site "Madrid ESP"]
[Date "2016.04.10"]
[Round "2.7"]
[White "Gueler Berdasco, Martin"]
[Black "Garcia Bartolome, Sergio"]
[Result "1-0"]
[WhiteElo "1904"]
[BlackElo "2091"]
[PlyCount "95"]
[EventDate "2016.04.03"]
[EventType "swiss"]
[EventRounds "9"]
[EventCountry "ESP"]
[Source "lmi"]
[SourceDate "2016.04.03"]

1. b4 Nf6 2. Bb2 e6 3. b5 c5 4. e3 d5 5. c4 Be7 6. Nf3 Nbd7 7. Be2 O-O 8. O-O
b6 9. d4 Bb7 10. Nbd2 a5 11. Ne5 Nxe5 12. dxe5 Ne8 13. cxd5 exd5 14. f4 f6 15.
Bd3 f5 16. g4 Bc8 17. h3 g6 18. Kh2 fxg4 19. hxg4 c4 20. Nxc4 dxc4 21. Bxc4+
Kh8 22. e6+ Ng7 23. Qf3 Ra7 24. Rad1 Qe8 25. e4 Bf6 26. Ba3 Be7 27. Bb2 Bf6 28.
Ba3 Be7 29. Bb2 Bc5 30. Qd3 Bxe6 31. Bxe6 Qxe6 32. f5 Qxa2 33. Rd2 Qf7 34. e5
Kg8 35. f6 Ne6 36. Rfd1 Raa8 37. Qh3 Rad8 38. Rxd8 Rxd8 39. Rxd8+ Nxd8 40. Qd3
Ne6 41. Qd5 Nf8 42. Qd2 Qb3 43. Qe2 Qe3 44. f7+ Kxf7 45. Qc4+ Ne6 46. Bc1 Qxe5+
47. Kh3 Bd6 48. Kg2 1-0

[Event "16. Torneo San Viator"]
[Site "Madrid ESP"]
[Date "2016.04.10"]
[Round "2.8"]
[White "Garcia Dorado, Alberto"]
[Black "Romero Alfonso, Carlos"]
[Result "1-0"]
[WhiteElo "2062"]
[BlackElo "1870"]
[PlyCount "95"]
[EventDate "2016.04.03"]
[EventType "swiss"]
[EventRounds "9"]
[EventCountry "ESP"]
[Source "lmi"]
[SourceDate "2016.04.03"]

1. d4 Nf6 2. Nf3 g6 3. g3 Bg7 4. Bg2 O-O 5. O-O c5 6. c4 cxd4 7. Nxd4 d6 8. Nc3
Nbd7 9. b3 Nc5 10. Bb2 Rb8 11. Qc2 Bd7 12. Rad1 Qc8 13. Rfe1 Ne6 14. Nxe6 Bxe6
15. Qd2 Bh3 16. Bh1 Be6 17. Rc1 Ng4 18. Bg2 Bh6 19. Qd4 Bg7 20. Qxa7 b6 21. h3
Nf6 22. Qxe7 Bxh3 23. Qxd6 Bxg2 24. Kxg2 Qb7+ 25. f3 Rbd8 26. Qf4 Nh5 27. Qe4
Qc7 28. f4 Rfe8 29. Qf3 Qc8 30. Rc2 Bd4 31. e4 f5 32. e5 Nf6 33. Nb5 Bxb2 34.
Rxb2 Ne4 35. Nc3 Nc5 36. Re3 Ne6 37. Nd5 Nd4 38. Qd1 Ne6 39. Rd2 Kf8 40. Qf3
Qc5 41. Red3 b5 42. Qe3 bxc4 43. bxc4 Qxc4 44. Rc3 Qe4+ 45. Qxe4 fxe4 46. Rcc2
Rc8 47. Rb2 Nc5 48. Nc3 1-0

[Event "16. Torneo San Viator"]
[Site "Madrid ESP"]
[Date "2016.04.10"]
[Round "2.9"]
[White "Sotoca Aguado, Jose"]
[Black "Perdomo Araujo, Angel Eduardo"]
[Result "0-1"]
[WhiteElo "1873"]
[BlackElo "2060"]
[PlyCount "66"]
[EventDate "2016.04.03"]
[EventType "swiss"]
[EventRounds "9"]
[EventCountry "ESP"]
[Source "lmi"]
[SourceDate "2016.04.03"]

1. e4 e6 2. d4 d5 3. Nc3 Bb4 4. e5 c5 5. a3 Bxc3+ 6. bxc3 Qc7 7. Nf3 Ne7 8. Bd3
b6 9. O-O Ba6 10. a4 Bxd3 11. Qxd3 h6 12. Ba3 O-O 13. Nh4 Nd7 14. f4 f5 15. g4
Rac8 16. Rf2 Rf7 17. Rg2 fxg4 18. Rxg4 cxd4 19. cxd4 Qxc2 20. Qxc2 Rxc2 21. Rf1
Nf5 22. Nxf5 Rxf5 23. Rf3 Nf8 24. Rfg3 Rc8 25. Kf2 Rc2+ 26. Kg1 Rc7 27. Kg2 h5
28. Rg5 Rxg5 29. Rxg5 Rc4 30. Be7 Rxd4 31. Kg3 Kf7 32. Bd6 h4+ 33. Kg4 Ng6 0-1

[Event "16. Torneo San Viator"]
[Site "Madrid ESP"]
[Date "2016.04.10"]
[Round "2.10"]
[White "Lopez-Andujar Ocaña, Antonio"]
[Black "Yeves Miquel, Enrique"]
[Result "1-0"]
[WhiteElo "2051"]
[BlackElo "1864"]
[PlyCount "55"]
[EventDate "2016.04.03"]
[EventType "swiss"]
[EventRounds "9"]
[EventCountry "ESP"]
[Source "lmi"]
[SourceDate "2016.04.03"]

1. e4 c5 2. Nf3 e6 3. d4 cxd4 4. Nxd4 Nc6 5. Nc3 Qc7 6. Be3 a6 7. Qd2 Nf6 8.
O-O-O Be7 9. f3 b5 10. g4 Nxd4 11. Bxd4 Bb7 12. Kb1 O-O 13. h4 e5 14. Be3 d5
15. g5 d4 16. gxf6 Bxf6 17. Nd5 Bxd5 18. exd5 dxe3 19. Qxe3 Rfd8 20. Qe4 Rd6
21. h5 Rad8 22. Bd3 g6 23. hxg6 fxg6 24. Qg4 Bh8 25. Bf5 Qg7 26. Be6+ Kf8 27.
Rdf1 a5 28. Qe4 1-0

[Event "16. Torneo San Viator"]
[Site "Madrid ESP"]
[Date "2016.04.10"]
[Round "2.11"]
[White "Garcia Sanjuan, Jose"]
[Black "Unciti Juan, Javier"]
[Result "0-1"]
[WhiteElo "1864"]
[BlackElo "2048"]
[PlyCount "60"]
[EventDate "2016.04.03"]
[EventType "swiss"]
[EventRounds "9"]
[EventCountry "ESP"]
[Source "lmi"]
[SourceDate "2016.04.03"]

1. Nf3 d6 2. b3 e5 3. Bb2 f5 4. e3 Nf6 5. Bc4 e4 6. Ng5 d5 7. Be2 Bd6 8. Nh3
O-O 9. c4 c6 10. Na3 d4 11. exd4 f4 12. Ng1 Qe7 13. c5 Bc7 14. Nc4 Nd5 15. Ne5
Bxe5 16. dxe5 Nd7 17. d4 exd3 18. Qxd3 Nxc5 19. Qf3 Bf5 20. Bc4 Be4 21. Qh3 b5
22. Bxd5+ cxd5 23. Rd1 f3 24. gxf3 Nd3+ 25. Rxd3 Bxd3 26. Ne2 Rac8 27. f4 Qb4+
28. Kf1 Qxf4 29. Qg3 Qxg3 30. hxg3 Rc2 0-1

[Event "16. Torneo San Viator"]
[Site "Madrid ESP"]
[Date "2016.04.10"]
[Round "2.12"]
[White "Julian Serra, Rogelio"]
[Black "Camarero Izquierdo, Juan Carlos"]
[Result "0-1"]
[WhiteElo "2039"]
[BlackElo "1810"]
[PlyCount "47"]
[EventDate "2016.04.03"]
[EventType "swiss"]
[EventRounds "9"]
[EventCountry "ESP"]
[Source "lmi"]
[SourceDate "2016.04.03"]

1. d4 f5 2. Nc3 e6 3. e4 Bb4 4. exf5 Bxc3+ 5. bxc3 exf5 6. Qh5+ g6 7. Qe2+ Kf7
8. Nf3 Nf6 9. h4 Re8 10. Ne5+ Kg7 11. h5 d6 12. h6+ Kg8 13. Bg5 Qe7 14. f4 Qf8
15. Qc4+ Kh8 16. Qxc7 dxe5 17. fxe5 Ne4 18. Be3 Ng3 19. Bb5 Re7 20. Qd6 Nxh1
21. Bg5 Rf7 22. Qd5 Nc6 23. Bc4 Kg8 24. Qd6 0-1

[Event "16. Torneo San Viator"]
[Site "Madrid ESP"]
[Date "2016.04.10"]
[Round "2.13"]
[White "Rodriguez Camarillo, Diana"]
[Black "Garcia Galeote, Lorenzo"]
[Result "0-1"]
[WhiteElo "1676"]
[BlackElo "2026"]
[PlyCount "72"]
[EventDate "2016.04.03"]
[EventType "swiss"]
[EventRounds "9"]
[EventCountry "ESP"]
[Source "lmi"]
[SourceDate "2016.04.03"]

1. Nf3 b6 2. c4 Bb7 3. d3 g6 4. Nbd2 Bg7 5. g3 e5 6. Qc2 Ne7 7. Bg2 O-O 8. Rb1
c5 9. a3 Nbc6 10. O-O Nd4 11. Nxd4 Bxg2 12. Kxg2 exd4 13. Nf3 Nf5 14. Bf4 Re8
15. b4 d6 16. Rfe1 h6 17. Qa2 Qf6 18. a4 g5 19. Bd2 Re6 20. bxc5 bxc5 21. Rb7
Rae8 22. Ng1 h5 23. Rxa7 h4 24. a5 g4 25. Bf4 hxg3 26. Bxg3 Nh4+ 27. Kf1 Nf3
28. a6 Nxe1 29. Kxe1 Rb8 30. Rb7 Ree8 31. a7 Rxb7 32. a8=Q Rb1+ 33. Kd2 Rxa8
34. Qxa8+ Kh7 35. Qe4+ Qg6 36. Qg2 Qg5+ 0-1

[Event "16. Torneo San Viator"]
[Site "Madrid ESP"]
[Date "2016.04.10"]
[Round "2.14"]
[White "Pindado Campos, Raul"]
[Black "Uceda Martinez, Jacinto"]
[Result "1-0"]
[WhiteElo "2009"]
[BlackElo "1755"]
[PlyCount "74"]
[EventDate "2016.04.03"]
[EventType "swiss"]
[EventRounds "9"]
[EventCountry "ESP"]
[Source "lmi"]
[SourceDate "2016.04.03"]

1. d4 f5 2. c4 Nf6 3. Nc3 e6 4. Nf3 d5 5. Bg5 c6 6. e3 Bd6 7. Be2 Nbd7 8. Qc2
O-O 9. O-O Qe8 10. Rab1 Ne4 11. Bf4 Bxf4 12. exf4 Qg6 13. b4 Qh6 14. g3 Ndf6
15. Ne5 Bd7 16. f3 Nd6 17. Na4 Rae8 18. Nc5 Bc8 19. Rfc1 g5 20. fxg5 Qxg5 21.
f4 Qg7 22. b5 cxb5 23. cxb5 Nfe4 24. Nxe4 Nxe4 25. Bh5 Re7 26. Kg2 Bd7 27. a4
Be8 28. Bxe8 Rfxe8 29. Qd1 Rc7 30. Rxc7 Qxc7 31. Rc1 Qe7 32. Rc2 Nf6 33. Qc1
Qb4 34. Rc8 Qe7 35. Rc7 Qb4 36. Rxb7 Re7 37. Rb8+ Ne8 1-0

[Event "16. Torneo San Viator"]
[Site "Madrid ESP"]
[Date "2016.04.10"]
[Round "2.15"]
[White "Strejoiv, Christian Ionut"]
[Black "Mazo Fernandez, Roberto"]
[Result "0-1"]
[WhiteElo "1139"]
[BlackElo "1990"]
[PlyCount "68"]
[EventDate "2016.04.03"]
[EventType "swiss"]
[EventRounds "9"]
[EventCountry "ESP"]
[Source "lmi"]
[SourceDate "2016.04.03"]

1. e4 c5 2. Nf3 d6 3. d4 cxd4 4. Nxd4 Nf6 5. Nc3 a6 6. Bd3 Nc6 7. Be3 g6 8. O-O
Bg7 9. Nxc6 bxc6 10. Na4 c5 11. c4 O-O 12. e5 Ng4 13. exd6 Qxd6 14. g3 Nxe3 15.
fxe3 Bb7 16. Qe2 Qc6 17. Nc3 Qh1+ 18. Kf2 Qxh2+ 19. Ke1 Qxg3+ 20. Qf2 Qxf2+ 21.
Rxf2 Bxc3+ 22. bxc3 Rfd8 23. Be2 Be4 24. Rf4 f5 25. Bf3 Bxf3 26. Rxf3 Rab8 27.
Rh3 Rb2 28. Rd1 Rxd1+ 29. Kxd1 Rxa2 30. Kc1 Kg7 31. Kb1 Re2 32. Kc1 g5 33. Kd1
Rg2 34. Rf3 Kg6 0-1

[Event "16. Torneo San Viator"]
[Site "Madrid ESP"]
[Date "2016.04.10"]
[Round "2.17"]
[White "Casas Rios, Ramon"]
[Black "Villacorta Nicolas, David"]
[Result "1-0"]
[WhiteElo "1825"]
[BlackElo "1976"]
[PlyCount "99"]
[EventDate "2016.04.03"]
[EventType "swiss"]
[EventRounds "9"]
[EventCountry "ESP"]
[Source "lmi"]
[SourceDate "2016.04.03"]

1. Nf3 Nf6 2. g3 g6 3. Bg2 Bg7 4. d4 d6 5. O-O O-O 6. c4 c5 7. Nc3 Nc6 8. d5
Na5 9. Qd3 a6 10. Rb1 e5 11. b4 cxb4 12. Rxb4 Nd7 13. Na4 Re8 14. e4 Nc5 15.
Nxc5 dxc5 16. Rb1 Rb8 17. Be3 b5 18. Nd2 Qb6 19. Rfc1 b4 20. Qf1 Nb7 21. Bh3
Nd6 22. Bxc8 Rbxc8 23. f3 a5 24. a3 Bf8 25. Qf2 Nb7 26. f4 Bh6 27. f5 Bxe3 28.
Qxe3 Qd6 29. a4 Kg7 30. Rf1 f6 31. g4 g5 32. Kg2 Qd7 33. h4 h6 34. Nf3 Qf7 35.
Rh1 Rg8 36. hxg5 hxg5 37. Rh5 Kf8 38. Rbh1 Ke8 39. Nd2 Kd7 40. Rh6 Qf8 41. R1h5
Qf7 42. Qh3 Rg7 43. Kf3 Nd6 44. Ke2 Rb8 45. Rh8 Rxh8 46. Rxh8 Rg8 47. Kd3 Qf8
48. Rh7+ Rg7 49. Nb3 Nb7 50. Qh6 1-0